000 00463nam a2200181Ia 4500
005 20250603145955.0
008 250603s9999 xx 000 0 und d
020 _a9781597841283
050 _aBP 80 .G8 E74/
100 _aErgene, Mehmet Enes
245 0 _aTradition witnessing the modern age : an analysis of the Gulen movement
260 _aNew York
260 _bTughra Books
260 _c2009
300 _a208 p
650 _aNew York
942 _cBK
999 _c43400
_d43400